• 首页
  • 本馆介绍
  • 公告通知
  • 最新文献
  • 馆藏检索
  • 电子资源
  • 读者导购
  • 参考咨询
  • 我的图书馆
  • 登录
  • 详细信息显示
  • 放入我的书架
  • 预约/预借图书
  • 作者相关作品
  • 分类相关作品
  • 丛书相关作品
  • 出版社相关作品

书目信息

  • 表格格式
  • 工作单格式
  • 卡片格式
书名: Studies in English linguistics for Randolph Quirk
作者: edited by Sidney Greenbaum, Geoffrey Leech & Jan Svartvik.
分册号:
分册名:
出版地: London ;
 
出版社: Longman
出版时间: 1980.
页数: xvi, 304 p. ;
开本: 23 cm.
丛书名:
中图分类号:
科图分类号:
其他分类号: H0
主题词:
电子资源:
000 00735nam 2200241Ia 4500
001 E0731579518
005 20070301085209.95
008 830303s1980 enk b 01000 eng d
020    @a0-582-55079-3.
035    @a0296-66460
090    @aJ68/W46
090    @aH0
099    @dH0@ex2
245 00 @aStudies in English linguistics for Randolph Quirk / @cedited by Sidney Greenbaum, Geoffrey Leech & Jan Svartvik.
260    @aLondon ;@aNew York :@bLongman,@c1980.
300    @axvi, 304 p. ;@c23 cm.
504    @aBibliography: p. 294-304.
650  0 @aEnglish language.
700 1  @aSvartvik, Jan.
700 1  @aQuirk, Randolph.
700 1  @aGreenbaum, Sidney.
700 1  @aLeech, Geoffrey N.
920    @a232010@z2
    
    Studies in English linguistics for Randolph Quirk / / edited by Sidney Greenbaum, Geoffrey Leech & Jan Svartvik.-London ; ; New York : : Longman, , 1980.
    xvi, 304 p. ; ; 23 cm.
    Bibliography: p. 294-304.
    
    ISBN 0-582-55079-3.
    
●
相关链接 在E读中查询图书 在五车中查询图书 在当当中查询图书 在豆瓣中查询图书


正题名:Studies in English linguistics for Randolph Quirk     索取号:H0/x2         预约/预借

序号 登录号 条形码 馆藏地/架位号 状态 备注
1 181032   001075062   第四借阅区/ [索取号:H0/x2] 在馆    
2 181033   001074982   第四借阅区/ [索取号:H0/x2] 在馆    
3 181034   001075026   第二样本阅览室/ [索取号:H0/x2] 在馆    
唐山师范学院图书馆 欢迎您!
大连网信软件有限公司© 版权所有